Social anthropology and other essays
Uloženo v:
| Hlavní autor: | |
|---|---|
| Médium: | Kniha |
| Jazyk: | angličtina |
| Vydáno: |
Nueva York
The Free
1964
|
| Témata: | |
| Tagy: |
Přidat tag
Žádné tagy, Buďte první, kdo vytvoří štítek k tomuto záznamu!
|
MARC
| LEADER | 00000nam a2200000 a 4500 | ||
|---|---|---|---|
| 001 | UCO6791 | ||
| 003 | CL-VaPUC | ||
| 008 | 001027e19640000US |||||||||||||||||eng|d | ||
| 082 | 0 | 4 | |a 301 |b EVA |2 21 |
| 100 | 0 | |a Evans-Pritchard, E. E |e author |9 451570 | |
| 245 | 1 | 0 | |a Social anthropology and other essays |
| 300 | |a 354 p | ||
| 942 | |c BK | ||
| 945 | |d 20001027 00:00:00 |a lriquelm | ||
| 260 | |a Nueva York |b The Free |c 1964 | ||
| 500 | |a Donación del profesor Manfred Wilhelmy von Wolff | ||
| 650 | 0 | |a Antropología |9 233030 | |
| 650 | 0 | |a Etnología |9 258726 | |
| 650 | 0 | |a Psicología social |9 222894 | |
| 650 | 0 | |a Estructuras sociales |9 367188 | |
| 650 | 0 | |a Sociología |9 255410 | |
| 650 | 0 | |a Cultura |9 269059 | |
| 583 | |a last modification |c 20001027 00:00:00 |k Rodrigo Vera | ||
| 999 | |c 292203 |d 292201 | ||
| 952 | |0 0 |1 0 |4 0 |6 301_000000000000000_EVA_1964 |7 0 |8 A |9 342875 |a BIBGIM |b BIBGIM |d 2019-11-20 |i 3613909 |o 301 EVA 1964 |p 3613909 |r 2025-01-15 |w 2019-11-20 |y BK |k ORI | ||